[Event "Open Ouest 0607 (Istres)"]
[Site "?"]
[Date "2007.03.24"]
[Round "7"]
[White "Laorden, Joan"]
[Black "Jullien, Patrick"]
[Result "0-1"]
[WhiteElo "1660"]
[BlackElo "1786"]
[Annotator "Fritz 7 (30s)"]
[PlyCount "44"]

1. d4 d5 2. c4 e6 3. Bf4 {D30: Queen's Gambit Declined: Systems without Nc3
} 
Nf6 {dernier coup de la bibliotheque} 4. c5 (4. Nc3 {0}) 4... b6 5. b4 a5 6.
Qb3 (6. e3 axb4 7. cxb6 Bd6 $15) 6... axb4 $17 7. Qxb4 (7. cxb6 c5 8. Bc7 c4
$19) 7... Nc6 8. Qc3 (8. Qb2 $5 bxc5 9. e3 $19) 8... Ne4 $19 9. Qb2 bxc5 10.
dxc5 $4 {
terrible, mais que pourrait jouer d'autre les blancs pour sauver la partie?.} (
10. e3 $142 $19) 10... Rb8 11. Qc1 Bxc5 (11... Qf6 {
fais ca meme si c'est plus facile pour les noirs} 12. Nc3 Qxc3+ 13. Qxc3 Nxc3
14. Nf3 Bxc5 15. a3 $19) 12. Nh3 e5 13. f3 (13. Nd2 {n'est pas un salut} 13...
exf4 14. Nxe4 Bb4+ (14... dxe4 $6 15. Qxc5 Qf6 16. Rc1 Bxh3 17. Qxc6+ Qxc6 18.
Rxc6 $19) 15. Nd2 Qf6 $19) 13... Bxh3 (13... exf4 $142 {et les noirs a triomphe
} 14. fxe4 Bb4+ 15. Kf2 Qf6 16. Nxf4 Ne7 $19) 14. fxe4 exf4 (14... Bb4+ $5 15.
Bd2 Qh4+ 16. g3 Qxe4 17. Qxc6+ Bd7 18. Nc3 (18. Qxc7 $143 Rc8 19. Qb7 Bxd2+ (
19... Qxh1 $6 {est tres faible} 20. Qxb4 Qxh2 21. Qh4 $15) 20. Nxd2 Qxh1 $19)
18... Bxc6 19. Nxe4 dxe4 20. e3 $19) 15. Qxc5 Qf6 (15... Qh4+ $142 16. Kd2 Bd7
17. exd5 Ne7 $19) 16. e5 $2 (16. Nc3 $142 Qh4+ 17. Kd2 $17) 16... Nxe5 $19 17.
Nc3 Be6 18. O-O-O (18. e4 f3 19. Bb5+ c6 20. Bxc6+ Bd7 $19) 18... c6 (18... Nd7
{semble mieux} 19. Qd4 c5 20. Qxf6 Nxf6 21. Rd2 $19) 19. e4 (19. g3 {
ne fait rien de bon} 19... Bg4 $19) 19... fxe3 20. Be2 Qe7 21. Qxe3 (21. Qxe7+
{ne change vraiment rien} 21... Kxe7 22. Rd4 Rhd8 $19) 21... Bf5 (21... Qa3+
$142 {et le reste est une affaire de technique} 22. Kd2 d4 23. Qg3 $19) 22.
Rhe1 (22. Rhf1 {est encore une petite chance} 22... Bg6 23. Rd4 $19) 22... Qa3+
(22... Qa3+ 23. Kd2 Qb2#) 0-1

[Event "Open Ouest 0607 (Istres)"]
[Site "?"]
[Date "2007.03.24"]
[Round "7"]
[White "Reymond, Jean-François"]
[Black "Person, Claude"]
[Result "1-0"]
[WhiteElo "1499"]
[BlackElo "1400"]
[Annotator "Fritz 7 (30s)"]
[PlyCount "105"]

1. e4 d6 2. f4 Nf6 3. Nc3 c6{B07: Pirc Defence: Miscellaneous Systems
}  4. d4
d5 5. e5 Ng8 {dernier coup de la bibliotheque} 6. Bd3 e6 {Securise f5} 7. Nf3
h6 {Couvre g5} 8. a3 {Controle b4} 8... Be7 9. O-O Nd7 10. Ne2 Nf8 11. b4 Qb6
12. c3 a6 13. Be3 Qd8 14. Ng3 g6 15. a4 Bd7 16. Qb1 b5 17. axb5 cxb5 18. Rf2 h5
19. Rfa2 Qb6 20. h4 Nh6 21. Bd2 (21. Ra5 Nf5 22. Nxf5 gxf5 $16) 21... Bc6 (
21... Nf5 22. Nxf5 gxf5 23. Qe1 $14) 22. Qc1 Ng4 {Le cavalier domine} 23. f5 (
23. Ra5 Nd7 $16) 23... exf5 24. Bxf5 $4 {n'est pas une bonne decision car
l'adversaire revient dans la partie. Piegent le roi au centre} (24. Bg5 $14)
24... Bd7 $4 {les noirs a manque le coche} (24... gxf5 $142 25. Nxf5 Ng6 $17)
25. Bxd7+ Kxd7 (25... Nxd7 26. Bg5 Bxg5 27. Qxg5 $16 (27. Nxg5 $6 Ndxe5 28. Kh1
Nd7 $11)) 26. Qe1 Ne6 27. Qe2 (27. Nf1 f5 $16) 27... Rhc8 (27... Bxb4 28. Nf1
Be7 29. Ne3 Nxe3 30. Qxe3 $14) 28. Ra3 Ra7 29. Nf1 Rca8 (29... Ke8 30. Ne3 Nxe3
31. Qxe3 $16) 30. g3 Qd8 (30... Ke8 31. N3h2 f5 32. Nxg4 hxg4 33. Ne3 $16) 31.
Rxa6 $1 {preservant la tete des operations.} 31... Nc7 $4 {
une gaffe dans une mauvaise position} (31... Rxa6 {NOTEXT: 250} 32. Qxb5+ {
NOTEXT: 249}) 32. Rxa7 $18 Rxa7 33. Rxa7 Qb8 34. Ra5 Qb6 35. N1h2 Qe6 36. Ng5
Bxg5 37. Bxg5 Qf5 (37... Kc8 {N'ameliore vraiment rien} 38. Nxg4 hxg4 39. Qf2
$18) 38. Nxg4 hxg4 39. Ra1 Kc6 (39... Qe4 {
un essai sterile qui modifie le cours de la partie} 40. Qf1 Qf3 41. Qxf3 gxf3
42. Kf2 $18) 40. Rf1 Qd7 (40... Qe4 {ne resout rien} 41. Qa2 Qd3 42. Kg2 Qe4+
43. Kh2 $18) 41. Rf6+ Kb7 42. Qf2 Qe8 43. Rxf7 Qc6 44. Bd2 (44. Bd8 Ka8 45.
Bxc7 Kb7 46. Bd6+ Kc8 47. Rf8+ Kb7 48. Rb8+ Ka7 49. Qa2+ Qa6 50. Ra8+ Kxa8 51.
Qxa6#) 44... Qc4 45. Rg7 (45. e6 g5 46. Bxg5 Kc8 47. Bf4 Na8 48. e7 Nc7 49.
Bxc7 Qc6 50. Rf8+ Kb7 51. Rb8+ Kxc7 52. Qf8 Qe8 53. Qxe8 Kd6 54. Rb6+ Kc7 55.
Qd8#) 45... Qd3 46. Qe3 (46. Bg5 $142 {semble meme mieux} 46... Qb1+ 47. Kh2
$18) 46... Qc2 (46... Qxe3+ 47. Bxe3 Kc8 48. Rxg6 Kd7 49. Rg7+ Kc6 $18) 47. e6
Kb6 48. e7 (48. Qe5 Qb1+ 49. Kh2 Qg1+ 50. Kxg1 Ne8 51. Qb8+ Kc6 52. Qc8+ Kd6
53. Bf4#) 48... Qf5 49. Qh6 (49. e8=Q Kb7 50. Qxb5+ Ka8 51. Qee8+ Qc8 52. Qxc8+
Ka7 53. Rxc7#) 49... Qb1+ $18 50. Bc1 Kb7 51. e8=Q Qd3 (51... Qf5 {
ne change rien de plus} 52. Qxb5+ Ka8 53. Qh8+ Qf8 54. Qxf8+ Ka7 55. Rxc7#) 52.
Rxc7+ $1 {tout est fini} 52... Kb6 (52... Kxc7 {NOTEXT: 250} 53. Qh7+ {
NOTEXT: 243}) 53. Qc6# 1-0

[Event "Open Ouest 0607 (Istres)"]
[Site "?"]
[Date "2007.03.24"]
[Round "7"]
[White "Dufresne, Saïd"]
[Black "Yriarte, Stéphane"]
[Result "0-1"]
[WhiteElo "1610"]
[BlackElo "1499"]
[Annotator "Fritz 7 (30s)"]
[PlyCount "141"]
[EventDate "2007.??.??"]

1. d4 d5 2. Nf3 e6 3. c4 Nf6 4. Bg5 Be7 {
D58: Queen's Gambit Declined: Tartakower Defence} 5. Nc3 O-O 6. e3 h6 7. Bh4 b6
8. Bd3 Bb7 9. O-O Nbd7 10. cxd5 Nxd5 11. Bxe7 Qxe7 12. Nxd5 Bxd5 13. a3 c5 14.
Rc1 {dernier coup de la bibliotheque} Bxf3 (14... Bxf3 {38}) 15. Qxf3 cxd4 16.
Qe4 Nf6 17. Qxd4 Qb7 18. Be2 Rac8 19. Bf3 Qb8 20. b4 Rfd8 21. Qb2 Rxc1 22. Rxc1
Qd6 23. h3 {Consolide g4} Qe7 24. Qc2 Rd7 25. Kf1 a5 (25... e5 26. Qc8+ Kh7 27.
Bc6 $11) 26. bxa5 $14 bxa5 27. Qc5 Qd8 28. Qc8 e5 29. Qxd8+ (29. e4 Qf8 $14)
29... Rxd8 $11 30. Bb7 Rb8 31. Rc8+ Rxc8 32. Bxc8 Kf8 33. a4 (33. Ke2 Ne4 $11)
33... Ke7 $15 34. Ke2 (34. Bf5 Kd6 35. Bc2 Kc5 $17) 34... Kd6 (34... Nd5 35.
Bb7 Nc3+ 36. Kd3 Nxa4 37. Bc6 $17) 35. f3 (35. Bf5 $5 $17) 35... Nd5 36. Kd2
Nb6 37. Bf5 Nxa4 38. Bc2 Nb6 39. e4 g5 40. Bb3 f6 41. Kc2 Kc5 42. Kc3 Kb5 43.
Bf7 Na4+ 44. Kb3 Nb6 $4 {les noirs manque le coche} (44... Nc5+ 45. Kc3 $19)
45. Be6 $4 {redonne l'avantage a l'adversaire} (45. Kc3 Ka4 46. Bh5 $19) 45...
Kc5 (45... a4+ 46. Kc3 $19) 46. Kc3 Na8 47. Bb3 (47. Kb3 $142 $5 $17) 47... Nc7
$19 48. Kd3 Kb4 49. Kc2 Nb5 50. Kd2 (50. Bd5 Nd4+ 51. Kd2 h5 $19) 50... Nd4 (
50... Kxb3 $142 {et les noirs gagne} 51. Ke3 a4 $19) 51. Bd1 Ne6 52. g3 (52.
Be2 a4 $19) 52... Nd4 53. g4 (53. Kd3 {ne sauve rien} a4 54. Bxa4 Kxa4 $19)
53... Ne6 (53... a4 {peut etre le plus court chemin} 54. Kc1 $19) 54. Be2 (54.
Kc2 {n'est pas le coup salvateur} Nc5 $19) 54... Nf4 (54... a4 {
et les noirs peut se relaxer} 55. Bd1 a3 56. Kc1 $19) 55. Bf1 Ng6 56. Be2 Nh4
57. Kc2 Ng2 58. Kb2 Nf4 59. Bf1 Ne6 60. Bd3 Nc7 61. Bc2 Nb5 62. Bd1 (62. Bb1 {
n'aide pas beaucoup} a4 63. Ba2 Nd4 $19) 62... Nc3 (62... a4 $142 {
et les noirs a pris l'avantage} 63. Bxa4 Kxa4 64. Kc2 Nd4+ 65. Kd3 Nxf3 66. Kc4
Nd2+ 67. Kd3 $19) 63. Bc2 a4 64. Ka1 (64. Bd3 {
ne peut pas effacer ce qui a deja ete fait} Nb5 $19) 64... a3 65. Bb3 (65. Bd3
{ne gagne pas un prix} Kc5 $19) 65... Kc5 (65... Kxb3 66. f4 a2 67. fxe5 Ne2
68. exf6 Nd4 69. e5 Nc2#) 66. Bc4 (66. Bg8 {n'est pas d'une grande aide} Kd4
$19) 66... Kd4 (66... Kxc4 67. h4 gxh4 68. f4 h3 69. f5 h2 70. g5 h1=Q#) 67.
Bf1 Ke3 68. Bg2 (68. Ba6 $19 {la seule chance pour avoir du contrejeu}) 68...
Kf2 69. Bh1 Kg1 70. Bg2 Kxg2 71. f4 (71. h4 {ne peut pas changer le destin}
gxh4 72. f4 h3 73. f5 h2 74. g5 h1=Q#) 0-1

[Event "Open Ouest 0607 (Istres)"]
[Site "?"]
[Date "2007.04.07"]
[Round "8"]
[White "Calatayud, Stéphane"]
[Black "Jullien, Patrick"]
[Result "0-1"]
[WhiteElo "1570"]
[BlackElo "1786"]
[Annotator "Fritz 7 (60s)"]
[PlyCount "64"]
[EventDate "2007.??.??"]

1. e4 c5 2. d4 cxd4 {B21: Sicilian: 2 f4 and Morra Gambit} 3. f4 {
dernier coup de la bibliotheque} d6 (3... Nc6 {0}) 4. Nf3 e5 5. Bd3 {
Dans le style de Nimzovich} (5. c3 Nf6 6. fxe5 Nxe4 7. Bb5+ Bd7 8. Bxd7+ Qxd7
$11) 5... Nc6 $15 6. O-O Nf6 7. h3 {Securise g4} Be7 8. Qe1 O-O 9. f5 {
Les blancs gagne de l'espace} Qb6 10. Nbd2 Bd7 (10... Nb4 11. Nc4 Qc5 12. Bg5
$17) 11. g4 Ne8 12. Kh2 (12. Nc4 Qc7 $15) 12... Qd8 (12... Nb4 13. g5 $17) 13.
Qg3 (13. a3 h6 $15) 13... g5 (13... Nb4 14. g5 Nxd3 15. cxd3 $17) 14. Kg2 (14.
c3 $5 $15 {ne devrait pas etre sous-estime}) 14... Nb4 $17 15. Rh1 Nxd3 (15...
Rc8 16. Ne1 $17) 16. cxd3 Bb5 17. h4 f6 ({Pire est} 17... Bxd3 18. hxg5 Bxg5
19. Nxg5 Qxg5 20. Qxd3 $18) 18. hxg5 fxg5 19. Qh3 Rf7 20. Qh6 $2 (20. Nc4 $142
$5 $17) 20... Bxd3 $19 21. Ne1 Be2 22. Ndf3 (22. Qe6 Qc8 23. Qb3 Kf8 $19) 22...
Rg7 23. Rh5 Qd7 (23... Bf6 $142 $5 24. Bxg5 Qe7 25. Kh3 $19) 24. Bxg5 Rc8 25.
Kg3 (25. Bxe7 Qxe7 (25... Rxe7 $6 26. Ng5 $11) 26. Rh4 d5 27. exd5 d3 $17)
25... d3 (25... Rc6 26. Qe6+ Qxe6 27. fxe6 Bxg5 28. Rxg5 $19) 26. Bxe7 $2 (26.
Kf2 $142 $19) 26... Qxe7 (26... Rxe7 $6 27. Rg5+ Rg7 28. Rxg7+ Nxg7 29. Qe3 $11
) 27. Ng5 (27. Kh3 Rc4 28. Rc1 Rxe4 29. Rc8 $19) 27... Nf6 (27... d2 $142 {
semble meme mieux} 28. Nef3 d1=Q 29. Rxd1 Bxd1 $19) 28. Rh2 (28. Nef3 {
quoi d'autre?} Nxh5+ 29. Qxh5 $19) 28... Nxg4 29. Qe6+ (29. f6 {
ne change pas la suite de la partie} Nxh6 30. fxe7 Rxg5+ 31. Kh4 Rh5+ 32. Kg3
Rxh2 33. Kxh2 d2 $19) 29... Qxe6 30. Nxe6 Nxh2+ 31. Nxg7 Kxg7 (31... d2 32. Nd3
Bxd3 33. Rd1 Nf1+ 34. Kf2 Kxg7 35. Rxd2 Nxd2 36. Ke3 Bxe4 37. Kxd2 Rc2+ 38. Kd1
d5 39. b3 d4 40. a3 d3 41. f6+ Kxf6 42. Ke1 Rg2 43. Kd1 Bf3+ 44. Kc1 d2+ 45.
Kb2 d1=Q+ 46. Kc3 Qd4#) 32. Kxh2 (32. Nxd3 {n'est pas bon, mais quoi d'autre?}
Bxd3 33. Kxh2 Rc2+ 34. Kg3 Bxe4 35. b3 $19) 32... d2 (32... d2 33. Nd3 Bxd3 $19
) 0-1

[Event "Open Ouest 0607 (Istres)"]
[Site "?"]
[Date "2007.04.07"]
[Round "8"]
[White "Lagrange, Daniel"]
[Black "Laorden, Joan"]
[Result "0-1"]
[WhiteElo "1499"]
[BlackElo "1660"]
[Annotator "Fritz 7 (60s)"]
[PlyCount "46"]

1. e4 d6 {B07: Pirc Defence: Miscellaneous Systems
}  2. Bc4 {
dernier coup de la bibliotheque} 2... g6 (2... Nf6 {0}) 3. Qf3 e6 {Couvre d5}
4. Nh3 (4. d4 c6 $14) 4... Bg7 5. d3 Qf6 (5... Nc6 $142 $11) 6. Bf4 $4 {
gache la partie} (6. Qg3 $142 $14 {etait possible}) 6... Qxb2 $19 7. Ng5 Qxa1
8. Be5 (8. O-O {en priant pour un miracle} 8... Qf6 9. d4 $19) 8... Qxb1+ (8...
dxe5 $6 {n'est pas possible} 9. Qxf7+ Kd8 10. Qxg7 Qxb1+ 11. Kd2 Qb4+ 12. Kd1
$17) 9. Kd2 Qb4+ (9... Qxh1 10. Qxf7+ Kd8 11. Qxg7 Qxg2 12. Bg3 $18) ({
Plus faible est} 9... dxe5 10. Qxf7+ (10. Rxb1 $2 {
semble attirant mais menera a de gros problemes} 10... Nf6 $19) 10... Kd8 11.
Rxb1 $16) (9... Bxe5 $2 {peut etre interessant mais aussi causer des problemes}
10. Qxf7+ (10. Rxb1 $2 {semble seduisant, mais} 10... Nf6 $19) 10... Kd8 11.
Qf8+ (11. Rxb1 $6 {est sans comparaison} 11... Nh6 12. Nxe6+ Bxe6 13. Qxe6 Nd7
$11) 11... Kd7 12. Rxb1 $18) 10. Ke2 f6 (10... dxe5 $6 {succombe} 11. Qxf7+ Kd8
12. Qxg7 $19) 11. Bxe6 (11. Ba1 {ne peut pas changer ce qui est en cours pour ?
} 11... Bh6 12. c3 Qb6 (12... fxg5 $6 {est faible} 13. cxb4 e5 14. Qf7+ Kd8 15.
d4 Bg4+ 16. Kd3 $11) 13. Nxe6 Nc6 $19) 11... dxe5 ({Pas} 11... fxe5 12. Qf7+
Kd8 13. Qxg7 $16) 12. Bxc8 fxg5 13. Bxb7 Qxb7 14. Qg3 Ne7 (14... Qb2 $142 $5 {
semble meme mieux} 15. Qe3 $19) 15. Qxg5 Qc6 (15... Nbc6 {
et les noirs peut se relaxer} 16. Rd1 $19) 16. Rc1 Qf6 (16... h5 {
peut etre le plus court chemin} 17. c4 $19) 17. Qd2 O-O 18. f3 Nbc6 19. c3 Rab8
20. h3 Qh4 (20... Bh6 $142 {semble mieux} 21. Qxh6 Rb2+ 22. Kf1 Rxg2 23. Kxg2
Qxf3+ 24. Kh2 Qf2+ 25. Kh1 $19) 21. Rc2 Rb1 22. d4 Bh6 (22... Qg3 23. Rb2 Qxg2+
24. Kd3 Qf1+ 25. Qe2 Rxf3+ 26. Kc4 Qxe2+ 27. Rxe2 Na5+ 28. Kc5 Rxc3#) 23. Qd3
Qe1# 0-1

[Event "Open Ouest 0607 (Istres)"]
[Site "?"]
[Date "2007.04.07"]
[Round "8"]
[White "Brot, Fabrice"]
[Black "Yriarte, Stéphane"]
[Result "1/2-1/2"]
[WhiteElo "1630"]
[BlackElo "1495"]
[Annotator "Fritz 7 (60s)"]
[PlyCount "100"]

1. f4 d5 {A03: Bird's Opening with 1...d5
} 2. b3 Bg4 3. Bb2 Nc6 {
dernier coup de la bibliotheque} 4. h3 Bf5 5. Nf3 Be4 6. e3 {Consolide d4} 6...
Bxf3 7. Qxf3 a6 {Couvre b5} 8. d3 Qd6 9. Nd2 O-O-O 10. O-O-O h5 11. e4 e5 {
les noirs preparent l'avance d4} (11... Qc5 12. d4 Nxd4 13. Qc3 Qxc3 14. Bxc3
$11) 12. g3 (12. exd5 Nd4 13. fxe5 Qc5 14. Bxd4 Qxd4 $16) 12... f6 (12... Qc5
13. fxe5 (13. Bxe5 $2 d4 14. Nb1 f6 $19) 13... Nd4 14. Bxd4 Qxd4 15. Nb1 Qxe5
16. c3 $17) 13. Bg2 (13. exd5 $5 Nd4 14. Qe4 Qxd5 15. Qxd5 Rxd5 16. fxe5 fxe5
17. Nc4 $16) 13... d4 $11 {Cette poussee gagne de l'espace} 14. Nc4 Qe7 15.
fxe5 fxe5 16. Rdf1 Nf6 17. Qf5+ Kb8 18. g4 h4 19. Qg5 b5 20. Nd2 Qe8 21. Nf3
Rd7 (21... Nd7 22. Kb1 $11) 22. Nxh4 $14 Be7 23. Nf5 $4 {
les blancs manque le coche} (23. Qg6 Rxh4 24. Rxf6 Qd8 $14) 23... Bd8 $4 {
met la victoire aux oubliettes} (23... Nh7 $142 {
et les noirs peut celebrer la victoire} 24. Qxg7 Bg5+ 25. Kb1 Rxg7 26. Nxg7 Qd8
$19) 24. Qd2 $14 ({Plus faible est} 24. Nxg7 Qg8 25. Rxf6 Rxg7 $15) 24... g6
25. Ng3 Nh7 {Prepare la manoeuvre Cf6-h7-g5-e6-f4} 26. Qe2 (26. h4 $5 $14)
26... Ng5 27. h4 Ne6 28. h5 Nf4 {Le cavalier domine} 29. Qf3 Bg5 {
L'idee est Fd8-g5-f4-e3. Le fou est en securite en g5} 30. Kb1 gxh5 31. gxh5
Nxg2 32. Qxg2 Bf4 33. Ne2 Be3 {Les noirs peut etre fier de cette piece} 34. Rf5
{La tour blanche occupe un avant-poste} 34... Rdh7 {La pression en h5 grandit}
35. Qf3 Kb7 36. Bc1 Bxc1 37. Kxc1 ({Pas} 37. Rxc1 Rxh5 38. Rxh5 Qxh5 $15) (37.
Nxc1 $6 Rh6 $14) 37... Qe7 38. Kb2 b4 39. Ra1 a5 (39... Qh4 40. Ng3 $11) 40. a3
(40. Rh1 $5 $14) 40... bxa3+ $11 41. Rxa3 Qh4 42. c3 {Controle b4} (42. Ng3 Rg7
43. Nf1 Qe1 $11) 42... Qh2 (42... Qe1 43. b4 Qd2+ 44. Kb1 dxc3 45. Nxc3 Nd4 $19
) 43. Ra1 $4 (43. Ra2 $142 $5 $15 {
et les blancs pourrait bien esperer continuer}) 43... Rxh5 (43... dxc3+ 44. Ka3
Nd4 45. Qf2 Qxf2 46. Rxf2 Nc2+ 47. Ka2 Nxa1 48. Kxa1 Rxh5 49. Nxc3 $19) 44. Re1
(44. Rxh5 $5 Rxh5 45. Rf1 dxc3+ 46. Kxc3 $17) 44... Rh3 $19 45. Qf2 (45. Qf1
Rxd3 46. cxd4 a4 (46... exd4 47. Rb5+ Ka8 48. Qf5 Rd2+ 49. Kc1 Rxe2 50. Rxa5+
Nxa5 51. Qxa5+ Kb8 52. Qb5+ Kc8 53. Rxe2 Qg1+ 54. Kc2 $11) 47. bxa4 Nxd4 $19)
45... Qxf2 (45... Rxd3 46. Kc2 Qh3 47. Kb1 dxc3 48. Rc1 c2+ 49. Rxc2 Rxb3+ 50.
Ka1 $19) 46. Rxf2 Rxd3 47. cxd4 Nxd4 (47... Rhh3 48. Nc1 Rxd4 49. Rc2 $19) 48.
Nxd4 $17 Rxd4 49. Rf5 Re8 50. Kc3 Kb6 (50... Kb6 51. Rxe5 Red8 $11) (50... Rb4
$142 $5 $17) 1/2-1/2

[Event "Open Ouest 0607 (Istres)"]
[Site "?"]
[Date "2007.04.07"]
[Round "8"]
[White "Reymond, Jean-François"]
[Black "Alard, Francis"]
[Result "0-1"]
[WhiteElo "1499"]
[BlackElo "1570"]
[Annotator "Fritz 7 (120s)"]
[PlyCount "48"]
[EventDate "2007.??.??"]

1. e4 c5 2. f4 {B21: Sicilian: 2 f4 and Morra Gambit} g6 3. Nf3 Bg7 4. c3 d6 5.
Be2 Nf6 6. d3 Nc6 7. O-O O-O 8. Na3 {dernier coup de la bibliotheque} a6 9. Nc2
b5 10. a3 {Consolide b4} Bb7 11. Nh4 (11. Qe1 Qc7 $14) 11... e6 {Controle f5} (
11... Na5 12. Be3 $15) 12. Qe1 Nd7 (12... Na5 13. Rb1 $11) 13. Qg3 Bf6 (13...
c4 14. Be3 $11) 14. Nf3 $14 Rc8 15. Ne3 Bg7 16. Ng4 f5 17. Nf2 (17. Ng5 fxg4
18. Bxg4 Nf6 $14) 17... Na5 18. Ng5 Qf6 19. Rb1 h6 20. Nf3 Nc6 21. d4 (21. Be3
$142 $5 $11 {semble etre une alternative viable}) 21... cxd4 $17 22. cxd4 (22.
exf5 $142 dxc3 23. bxc3 $17) 22... Nxd4 (22... fxe4 $142 23. Nxe4 Qf5 $19) 23.
e5 $4 {met la victoire a la poubelle.} (23. Nxd4 $142 {sauverait la partie}
Qxd4 24. Rd1 $11) 23... Nxe2+ $19 24. Kh1 Nxg3+ (24... Nxg3+ 25. hxg3 dxe5 $19)
0-1

[Event "Open Ouest 0607 (Istres)"]
[Site "?"]
[Date "2007.04.07"]
[Round "8"]
[White "Humbert, Didier"]
[Black "Briquet, Xavier"]
[Result "0-1"]
[WhiteElo "1550"]
[BlackElo "1520"]
[Annotator "Fritz 7 (60s)"]
[PlyCount "112"]

1. d4 d5 2. Bg5 {D00: 1 d4 d5: Unusual lines
} f6 3. Bh4 Nc6 4. e3 {
dernier coup de la bibliotheque} 4... e6 5. Be2 Be7 6. Nf3 Nh6 7. Bd3 Nb4 8.
O-O Nxd3 9. Qxd3 Nf5 10. e4 $2 (10. Bg3 $142 $11 {garderait les blancs en vie})
10... Nxh4 $19 11. Nxh4 dxe4 12. Qb5+ c6 13. Qh5+ Kd7 14. g3 Kc7 15. c3 g6 16.
Qe2 g5 17. Ng2 f5 18. Nd2 (18. f3 exf3 19. Rxf3 h5 $17) 18... c5 (18... g4 19.
b4 $17) 19. Nb3 b6 (19... cxd4 $5 20. cxd4 Bf6 $17) 20. Rfd1 Qe8 21. d5 (21. a4
$5 $15 {a un apparent merite}) 21... exd5 22. Rxd5 (22. Ne3 Kb8 $17) 22... Be6
23. Rd2 Rd8 24. Rad1 Rxd2 25. Rxd2 (25. Nxd2 $142 $5 Kb8 26. f3 $17) 25... Qa4
$19 26. Ne3 (26. Nc1 Rd8 $19) 26... Rd8 (26... Qxa2 27. Nc1 Qb1 28. Rd1 $19)
27. Rxd8 (27. Qh5 $5 $19) 27... Bxd8 28. c4 $2 (28. Qh5 Qd7 29. Qe2 $19) 28...
Qxa2 29. Nc1 (29. Qc2 {ne peut pas changer ce qui est en cours pour ?} 29...
Bf6 30. g4 f4 $19) 29... Qa4 (29... Qb1 {
fais ca meme si c'est plus facile pour les noirs} 30. Qd2 Bf6 31. Nd1 $19) 30.
b3 Qa1 31. Qd2 Bf6 32. Nd1 Qe5 33. Na2 a5 (33... a6 $5 {
et les noirs peut se relaxer} 34. Nac3 $19) 34. Nac3 Kc6 35. Qa2 (35. Qe2 g4
$19) 35... Kb7 (35... Qd6 {semble mieux} 36. Qe2 $19) 36. Qd2 Kc6 $4 {
laisse un gout amer} (36... Qd4 {
fais ca meme si c'est plus facile pour les noirs} 37. Qe2 $19) 37. Qa2 Kb7 $4 {
enleve une victoire pourtant facile} (37... Qd6 {semble meme mieux} 38. Qe2 $19
) 38. Qd2 h5 39. Nb5 Be7 40. Ndc3 f4 (40... h4 $5 41. Qd1 $19) 41. Qe2 Bf5 (
41... f3 $5 42. Qxe4+ Qxe4 43. Nxe4 $19) 42. Qxh5 $17 e3 (42... f3 $5 $17) 43.
Qf3+ $15 Kc8 $4 {fait oublier une victoire certaine} (43... Kb8 44. fxe3 fxe3
45. Qc6 $15) 44. Qc6+ (44. Na7+ Kb8 45. Nc6+ Kc8 46. Nxe5 Kd8 47. Qd5+ Ke8 48.
Qf7+ Kd8 49. Qxf5 exf2+ 50. Kf1 Kc7 51. Qd7+ Kb8 52. Nc6+ Ka8 53. Qc8#) 44...
Kd8 $15 45. Qb7 $4 (45. gxf4 $142 $5 {est une idee interessante} 45... exf2+
46. Kxf2 Qxf4+ 47. Kg2 Qg4+ 48. Kf2 Qh4+ 49. Kg1 Qe1+ 50. Kg2 Qd2+ 51. Kg1 Qe3+
52. Kh1 $17) 45... Ke8 (45... exf2+ 46. Kxf2 Qe3+ 47. Kf1 Bh3+ 48. Qg2 Bxg2+
49. Kxg2 f3+ 50. Kf1 Qd2 51. b4 Qg2+ 52. Ke1 f2+ 53. Kd2 f1=Q+ 54. Ne2 Qgxe2+
55. Kc3 Qff3#) 46. Qc6+ (46. Qxb6 $4 {refute le mat in 4} 46... exf2+ 47. Kg2
f1=Q+ 48. Kxf1 Bh3+ 49. Kg1 Qe1#) 46... Kf7 47. Qd5+ $2 (47. Qf3 Bc2 48. gxf4
gxf4 $19) 47... Kf6 (47... Qxd5 $142 $5 {peut etre le plus court chemin} 48.
cxd5 (48. Nxd5 e2 49. Kg2 e1=Q 50. Nd6+ Bxd6 51. Nxf4 g4 52. h3 Be4+ 53. f3
Bxf3+ 54. Kh2 Qh1#) 48... Bd3 49. fxe3 fxe3 50. h3 $19) 48. Qc6+ (48. Qxe5+
$142 Kxe5 49. fxe3 fxg3 50. hxg3 $19) 48... Kf7 $4 {perd l'avantage} (48... Kg7
$142 49. Qf3 $19) 49. Qd5+ Qe6 (49... Qxd5 $142 {et les noirs gagne} 50. cxd5
Bd3 51. fxe3 fxe3 $19) 50. fxe3 fxe3 51. Nc7 (51. Qxe6+ Kxe6 52. Nd5 Bc2 $19)
51... Qxd5 $19 52. N7xd5 Bc2 53. Nxe3 Bxb3 54. Ncd5 $4 {
une gaffe dans une mauvaise position} (54. Kf1 $19) 54... Bd6 (54... a4 $142 {
et les noirs peut se relaxer} 55. Nc3 a3 56. Ng4 $19) 55. Kf1 (55. Nc3 Be5 56.
Nb5 Kg6 $19) 55... a4 56. Nf5 (56. Ke2 {la seule chance pour avoir du contrejeu
} 56... a3 57. Nc3 $19) 56... Be5 (56... Be5 57. Nd6+ Bxd6 $19) 0-1